| 000 | 00528nam a2200169Ia 4500 | ||
|---|---|---|---|
| 008 | 140529s9999 xx 000 0 und d | ||
| 020 | _a9789719360247 | ||
| 050 |
_aHM 1033 _b.Ap652 2009 |
||
| 100 | _aApruero, Roxel A. | ||
| 245 |
_aSocial psychology / _cRoxel A. Apruebo |
||
| 260 |
_aBulacan, Philippines : _bS.U.G. Publishing House Inc., _cc2007. |
||
| 300 |
_a291 p. : _bill. ; _c28 cm. |
||
| 500 | _aIncludes bibliographical references, glossary and index. | ||
| 521 | _aPSYCH | ||
| 942 |
_kLOC _cBK |
||
| 999 |
_c117821 _d117821 |
||